00368nam a2200145 a 450000100060000000300090000600800410001504000280005608200170008410000200010124500260012126000440014730000100019165000210020112313CO-ViMGA141112s2004 ck r 000 u spa d aCO-ViMGAbspacCO-ViMGA04aA863.6 M15p21 aMallea, Eduardo10aLa Penúltima Puerta aBuenos Aires : bSudAméricana, c1969 a259p.14aNOVELA ARGENTINA